000 00478nam a2200181Ia 4500
001 21377
005 20260306172914.0
008 260306t1996||||xx |||||||||||||| ||spa||
041 _aESP
082 _a344.7C7
_bC76
100 _aPerú. Código de Justicia Militar
_eAUT
245 0 _aCódigo de justicia militar:
_bactualizado. Decreto Ley No. 23214
260 _c1996
300 _a113 páginas :
_c21 cm.
650 _aGEN
654 _aCDE
942 _cLIB
_dJUS
_fJUS
_2ddc
_n
999 _c21377
_d21377